Rückstellungen für noch nicht abgewickelte Versicherungsfälle in Handels- und Steuerbilanz

Gespeichert in:
Bibliographische Detailangaben
1. Verfasser: Perlet, Helmut
Format: Buch
Sprache:Deutsch
Veröffentlicht: Karlsruhe Verlag Versicherungswirtschaft 1986
Ausgabe:1. Aufl.
Tags: Tag hinzufügen
Keine Tags, Fügen Sie das erste Tag hinzu!

MARC

LEADER 00000nam a2200000 4500
001 c034959
005 20221220072620.1
041 0 |a ger 
044 |a DE 
245 1 0 |a Rückstellungen für noch nicht abgewickelte Versicherungsfälle in Handels- und Steuerbilanz  |c Helmut Perlet 
250 |a 1. Aufl. 
264 1 |a Karlsruhe  |b Verlag Versicherungswirtschaft  |c 1986 
300 |a 167 s. 
100 1 |a Perlet, Helmut